Pays ayant la plus grandes armées - Statistiques

Statistiques générales
  • Ce quiz a été pris 101 fois
  • Le résultat moyen est 17 sur 25
Statistiques - réponses
Top 25 Pays % Correct
3# 1,333,030 États-Unis
100%
23# 264,000 France
100%
1# 2,035,000 Chine
99%
2# 1,431,000 Inde
97%
4# 1,320,000 Russie
96%
24# 251,500 Japon
89%
18# 376,000 Brésil
88%
11# 450,000 Corée du Sud
87%
17# 387,000 Mexique
87%
5# 1,320,000 Corée du Nord
85%
7# 660,000 Pakistan
81%
8# 610,000 Iran
80%
15# 404,500 Indonesie
69%
13# 438,500 Égypte
67%
6# 900,000 Ukraine
66%
10# 481,000 Turquie
65%
19# 360,850 Thailande
56%
12# 450,000 Vietnam
54%
25# 250,000 Pologne
52%
14# 429,000 Colombie
48%
16# 400,000 Maroc
41%
9# 503,000 Éthiopie
30%
22# 300,000 Soudan
25%
21# 346,000 Sri Lanka
15%
20# 350,000 Érythrée
4%
Aucun quiz correspondant
Distribution des résultats
% des personnes avec chaque résultat
Percentile par nombre de réponses
Votre historique - résultats
Vous n’avez pas pris ce quiz